[Event "POL-ch sf"]
[White "Trybus, Daniel"]
[Black "Topola, Rafal"]
[Site "Karpacz"]
[Round "8"]
[Result "1/2-1/2"]
[Date "2022.12.10"]
[WhiteElo "2258"]
[BlackElo "2025"]
[PlyCount "133"]
[EventDate "2022.12.03"]
[EventType "swiss"]
[EventRounds "9"]
[EventCountry "POL"]
[SourceTitle "CBM 211 Extra"]
[Source "ChessBase"]
[SourceDate "2023.01.31"]
[SourceVersion "1"]
[SourceVersionDate "2023.01.31"]
[SourceQuality "1"]

1. e4 c6 2. d4 d5 3. Nc3 dxe4 4. Nxe4 Nf6 5. Nxf6+ exf6 6. Be2 Bd6 7. Bf3 0-0 8. Ne2 Re8 9. Be3 Nd7 10. 0-0 Nf8 11. c4 Ng6 12. g3 f5 13. Qc1 f4 14. Nxf4 Bxf4 15. Bxf4 Qxd4 16. Be3 Qf6 17. Bg2 Ne5 18. Rd1 Be6 19. Rd4 Red8 20. Rf4 Qe7 21. Qc3 Ng6 22. Re4 f5 23. Rd4 c5 24. Rxd8+ Rxd8 25. Re1 b6 26. b3 Qd6 27. Bg5 Rd7 28. Qe3 Bf7 29. Qf3 h6 30. Be3 Qf6 31. Bh3 Be6 32. Qc6 Ne5 33. Qa8+ Rd8 34. Qb7 Bc8 35. Qa8 Bd7 36. Qh1 Bc6 37. Bg2 Bxg2 38. Qxg2 Qc6 39. Qxc6 Nxc6 40. Kg2 Kf7 41. Kf3 Kf6 42. Rb1 Nd4+ 43. Kg2 Nc2 44. Bc1 Kf7 45. Rb2 Nb4 46. Be3 Nd3 47. Rd2 Ne1+ 48. Kf1 Rxd2 49. Bxd2 Nf3 50. Bf4 Nxh2+ 51. Ke2 Ng4 52. Bb8 Nf6 53. Bxa7 Nd7 54. Kf3 Ke6 55. a3 g6 56. b4 Kd6 57. bxc5+ bxc5 58. Kf4 Ke6 59. a4 g5+ 60. Ke3 Kd6 61. a5 Kc6 62. a6 h5 63. f3 Nb6 64. Kd3 Nc8 65. Bb8 Kb6 66. Be5 Kxa6 67. Bf6 1/2-1/2

[Event "POL-ch sf"]
[White "Nowak, Mikolaj"]
[Black "Topola, Rafal"]
[Site "Karpacz"]
[Round "4"]
[Result "1-0"]
[Date "2022.12.06"]
[WhiteElo "2395"]
[BlackElo "2025"]
[PlyCount "91"]
[EventDate "2022.12.03"]
[EventType "swiss"]
[EventRounds "9"]
[EventCountry "POL"]
[SourceTitle "CBM 211 Extra"]
[Source "ChessBase"]
[SourceDate "2023.01.31"]
[SourceVersion "1"]
[SourceVersionDate "2023.01.31"]
[SourceQuality "1"]

1. Nf3 Nf6 2. c4 e6 3. b3 d5 4. Bb2 b6 5. cxd5 exd5 6. e3 Be7 7. Be2 0-0 8. 0-0 Be6 9. Nc3 Nbd7 10. Rc1 c5 11. d4 h6 12. Qc2 Qc7 13. Rfd1 Qb7 14. h3 Rac8 15. dxc5 bxc5 16. Qb1 Rfd8 17. Nd2 Nb6 18. Bf3 Qb8 19. Ne2 Bd6 20. Bxf6 gxf6 21. Bg4 Qb7 22. e4 d4 23. Qd3 Qd7 24. Bxe6 fxe6 25. Nc4 Qg7 26. Qf3 Qg5 27. g3 Kh7 28. h4 Qg7 29. Rc2 Nd7 30. Nc1 Be5 31. Nd3 Rg8 32. Kf1 Qg4 33. Qxg4 Rxg4 34. Re1 Bc7 35. Rec1 Rcg8 36. Nd2 Ba5 37. Nf4 e5 38. Nd5 d3 39. Rb2 Bxd2 40. Rxd2 Rxe4 41. Rxd3 Kh8 42. Ne7 Rd8 43. Nc6 Rc8 44. Nxa7 Rc7 45. Nb5 c4 46. bxc4 1-0

[Event "POL-chT 2nd League"]
[White "Topola, Rafal"]
[Black "Szyszylo, Rafal"]
[Site "Jastrzebia Gora"]
[Round "9.11"]
[Result "1/2-1/2"]
[Date "2022.09.11"]
[WhiteElo "2006"]
[BlackElo "2090"]
[PlyCount "61"]
[EventDate "2022.09.03"]
[EventType "team-swiss"]
[EventRounds "9"]
[EventCountry "POL"]
[SourceTitle "CBM 210 Extra"]
[Source "ChessBase"]
[SourceDate "2022.11.30"]
[SourceVersion "1"]
[SourceVersionDate "2022.11.30"]
[SourceQuality "1"]
[WhiteTeam "Wroclaw Polonia"]
[BlackTeam "Ostrow Wielkopolski"]
[WhiteTeamCountry "POL"]
[BlackTeamCountry "POL"]

1. Nf3 g6 2. g3 Bg7 3. d4 Nf6 4. Bg2 0-0 5. 0-0 d6 6. b3 Nc6 7. Bb2 a6 8. c4 Rb8 9. Nbd2 e5 10. dxe5 Ng4 11. Qc2 Ngxe5 12. Nxe5 dxe5 13. Bxc6 bxc6 14. Nf3 Qe7 15. Qc3 Re8 16. Rad1 Bg4 17. Rfe1 f6 18. Qa5 Bf8 19. Nd2 Qc5 20. Bc3 Qxa5 21. Bxa5 Rbc8 22. Ne4 Kf7 23. Rd2 Bf5 24. f3 Bxe4 25. fxe4 Bc5+ 26. Kg2 Red8 27. Red1 Rxd2 28. Rxd2 Ke6 29. Kf3 Bd6 30. Rd1 Bc5 31. h3 1/2-1/2

[Event "POL-chT 2nd League"]
[White "Stelmaszuk, Maciej"]
[Black "Topola, Rafal"]
[Site "Jastrzebia Gora"]
[Round "6.28"]
[Result "1/2-1/2"]
[Date "2022.09.08"]
[WhiteElo "1992"]
[BlackElo "2006"]
[PlyCount "107"]
[EventDate "2022.09.03"]
[EventType "team-swiss"]
[EventRounds "9"]
[EventCountry "POL"]
[SourceTitle "CBM 210 Extra"]
[Source "ChessBase"]
[SourceDate "2022.11.30"]
[SourceVersion "1"]
[SourceVersionDate "2022.11.30"]
[SourceQuality "1"]
[WhiteTeam "Wisznia Mala Bialy Krol"]
[BlackTeam "Wroclaw Polonia"]
[WhiteTeamCountry "POL"]
[BlackTeamCountry "POL"]

1. Nf3 c5 2. c4 Nc6 3. Nc3 e5 4. g3 g6 5. Bg2 Bg7 6. 0-0 Nge7 7. d3 0-0 8. Rb1 Rb8 9. a3 a5 10. Ne1 d6 11. Nc2 Be6 12. b4 axb4 13. axb4 Nxb4 14. Nxb4 cxb4 15. Rxb4 d5 16. cxd5 Nxd5 17. Nxd5 Bxd5 18. Rb5 Bxg2 19. Kxg2 Re8 20. Qb3 Qd7 21. Be3 b6 22. Rxb6 Rxb6 23. Qxb6 e4 24. d4 Re6 25. Qb8+ Re8 26. Qb4 Bf8 27. Qd2 h5 28. h4 Bg7 29. Rb1 Rd8 30. Rb4 Bf6 31. Bg5 Qd5 32. Qf4 Bxg5 33. hxg5 Qd6 34. Qxd6 Rxd6 35. f4 exf3+ 36. exf3 Kf8 37. Kf2 Ke7 38. Ke3 Re6+ 39. Kf4 Re1 40. Rb7+ Ke6 41. d5+ Kxd5 42. Rxf7 Ra1 43. Rf6 Ra4+ 44. Ke3 Ra3+ 45. Kf2 Ra2+ 46. Kf1 Ke5 47. Rxg6 Kf5 48. Rg8 Rb2 49. g6 Kf6 50. g7 Rb5 51. Kg2 Kf7 52. Rh8 Kxg7 53. Ra8 Rb3 54. f4 1/2-1/2

[Event "POL-chT 2nd League"]
[White "Topola, Rafal"]
[Black "Wozniak, Marcin2"]
[Site "Jastrzebia Gora"]
[Round "5.47"]
[Result "1-0"]
[Date "2022.09.07"]
[WhiteElo "2006"]
[BlackElo "1821"]
[PlyCount "79"]
[EventDate "2022.09.03"]
[EventType "team-swiss"]
[EventRounds "9"]
[EventCountry "POL"]
[SourceTitle "CBM 210 Extra"]
[Source "ChessBase"]
[SourceDate "2022.11.30"]
[SourceVersion "1"]
[SourceVersionDate "2022.11.30"]
[SourceQuality "1"]
[WhiteTeam "Wroclaw Polonia"]
[BlackTeam "Rzeszow Szachownica"]
[WhiteTeamCountry "POL"]
[BlackTeamCountry "POL"]

1. c4 Nf6 2. g3 d5 3. Bg2 dxc4 4. Qa4+ c6 5. Qxc4 g6 6. Nf3 Bg7 7. d3 Nbd7 8. Nc3 0-0 9. 0-0 b5 10. Qxc6 Rb8 11. Nd5 Ne8 12. Bg5 f6 13. Be3 Bb7 14. Qe6+ Rf7 15. Nc3 b4 16. Na4 Nf8 17. Qb3 Bd5 18. Qc2 b3 19. axb3 Bxb3 20. Qd2 e5 21. Nc5 Bd5 22. Rfc1 f5 23. Na6 Rb5 24. Nb4 Ba8 25. Ng5 Rd7 26. Nc6 Qf6 27. Nxa7 Bxg2 28. Nxb5 Bd5 29. Rc8 Rb7 30. Nc3 Bc6 31. Ra6 f4 32. gxf4 exf4 33. Bxf4 Qf5 34. Rcxc6 Qg4+ 35. Bg3 h5 36. Qf4 Qd7 37. Qc4+ Kh8 38. Rcb6 Rxb6 39. Rxb6 Qd8 40. Nf7+ 1-0

[Event "Ustron op-B"]
[White "Topola, Rafal"]
[Black "Jedrusik, Adam"]
[Site "Ustron"]
[Round "8"]
[Result "1-0"]
[Date "2022.08.19"]
[WhiteElo "1971"]
[BlackElo "1986"]
[PlyCount "113"]
[EventDate "2022.08.12"]
[EventType "swiss"]
[EventRounds "9"]
[EventCountry "POL"]
[SourceTitle "CBM 209 Extra"]
[Source "ChessBase"]
[SourceDate "2022.09.30"]
[SourceVersion "1"]
[SourceVersionDate "2022.09.30"]
[SourceQuality "1"]

1. e4 c6 2. d4 d5 3. exd5 cxd5 4. Bd3 Nf6 5. c3 Bg4 6. Qb3 Qc7 7. Ne2 Bxe2 8. Bxe2 Nbd7 9. Na3 a6 10. g3 e6 11. Bf4 Bd6 12. Bxd6 Qxd6 13. Qxb7 0-0 14. Qb4 Qc6 15. Nc2 Rfb8 16. Qa3 a5 17. 0-0 h5 18. Rac1 h4 19. Ne3 hxg3 20. hxg3 Ne4 21. Rfd1 Qb7 22. b3 a4 23. b4 Ndf6 24. Kg2 Rc8 25. Bf3 Qb5 26. Rc2 Rc6 27. Rdc1 Rac8 28. Be2 Qb8 29. b5 Rb6 30. Nd1 Qa8 31. Nb2 Rb7 32. f3 Ng5 33. Qxa4 Ra7 34. Qb4 Rxa2 35. Nd3 Rxc2 36. Rxc2 g6 37. b6 Rb8 38. Rb2 Qc6 39. Qc5 Qe8 40. Qd6 Nd7 41. Nc5 Nxc5 42. dxc5 Qc8 43. c6 e5 44. Qxe5 Qh3+ 45. Kf2 Qh2+ 46. Ke3 Qg1+ 47. Kd2 Rxb6 48. Rxb6 Qxb6 49. c7 Qb2+ 50. Ke1 Qc1+ 51. Kf2 Nh3+ 52. Kg2 Qg1+ 53. Kxh3 Qh1+ 54. Kg4 f5+ 55. Kg5 Kf7 56. Qxd5+ Kg7 57. Qd7+ 1-0

[Event "Ustron op-B"]
[White "Zabron, Maksym"]
[Black "Topola, Rafal"]
[Site "Ustron"]
[Round "3"]
[Result "1/2-1/2"]
[Date "2022.08.14"]
[WhiteElo "2064"]
[BlackElo "1971"]
[PlyCount "83"]
[EventDate "2022.08.12"]
[EventType "swiss"]
[EventRounds "9"]
[EventCountry "POL"]
[SourceTitle "CBM 209 Extra"]
[Source "ChessBase"]
[SourceDate "2022.09.30"]
[SourceVersion "1"]
[SourceVersionDate "2022.09.30"]
[SourceQuality "1"]

1. d4 Nf6 2. c4 e6 3. Nc3 d5 4. cxd5 exd5 5. Bg5 Be7 6. e3 c6 7. Bd3 0-0 8. Nge2 Re8 9. f3 Nbd7 10. Bh4 Qb6 11. Rb1 Ng4 12. Bf2 Nxf2 13. Kxf2 Nf6 14. Qc2 Bd6 15. h3 Bd7 16. b4 h6 17. e4 dxe4 18. fxe4 Bf8 19. Rhf1 a5 20. bxa5 Qxa5 21. e5 Nd5 22. Nxd5 cxd5 23. Rxb7 Be6 24. Rb2 Rec8 25. Qd2 Qxd2 26. Rxd2 Ra3 27. Rb1 Be7 28. Rb3 Rca8 29. Rxa3 Rxa3 30. Bb1 Bg5 31. Rd3 Ra8 32. Rb3 f6 33. Rb6 Kf7 34. Rb7+ Kf8 35. Rb6 Kf7 36. Kf3 Ra3+ 37. Rb3 Ra7 38. Nf4 Bxf4 39. Kxf4 g5+ 40. Kf3 fxe5 41. dxe5 d4 42. Rb4 1/2-1/2

[Event "Ostrava Konik op-A"]
[White "Lys, Josef"]
[Black "Topola, Rafal"]
[Site "Ostrava"]
[Round "9"]
[Result "1-0"]
[Date "2022.05.08"]
[WhiteElo "2114"]
[BlackElo "1886"]
[PlyCount "65"]
[EventDate "2022.04.30"]
[EventType "swiss"]
[EventRounds "9"]
[EventCountry "CZE"]
[SourceTitle "CBM 208 Extra"]
[Source "ChessBase"]
[SourceDate "2022.07.31"]
[SourceVersion "1"]
[SourceVersionDate "2022.07.31"]
[SourceQuality "1"]

1. d4 d5 2. c4 e6 3. Nc3 Be7 4. Nf3 Nf6 5. Bf4 0-0 6. e3 a6 7. Rc1 dxc4 8. Bxc4 b5 9. Bb3 Bb7 10. 0-0 Nbd7 11. d5 exd5 12. Nxd5 Bxd5 13. Bxd5 Nxd5 14. Qxd5 c5 15. Rfd1 Nf6 16. Qb7 Qe8 17. Ne5 c4 18. Nc6 Bc5 19. Bd6 Bxd6 20. Rxd6 Kh8 21. Rcd1 Qe4 22. h3 h6 23. R6d4 Qf5 24. Nd8 Qc8 25. Nxf7+ Kg8 26. Qe7 Re8 27. Nxh6+ Kh7 28. Rh4 Rxe7 29. Nf5+ Nh5 30. Rxh5+ Kg6 31. Nxe7+ Kxh5 32. Nxc8 Rxc8 33. Rd5+ 1-0

[Event "POL-ch U17 Qual"]
[White "Topola, Rafal"]
[Black "Piechota, Kamil"]
[Site "Jastrzebia Gora"]
[Round "7"]
[Result "1-0"]
[Date "2021.11.19"]
[WhiteElo "1961"]
[BlackElo "1752"]
[PlyCount "73"]
[EventDate "2021.11.15"]
[EventType "swiss"]
[EventRounds "9"]
[EventCountry "POL"]
[SourceTitle "EXT 2023"]
[Source "ChessBase"]
[SourceDate "2022.10.05"]
[SourceVersion "1"]
[SourceVersionDate "2022.10.05"]
[SourceQuality "1"]

1. e4 c5 2. Nf3 Nc6 3. d4 cxd4 4. Nxd4 e6 5. Nb5 Nf6 6. N1c3 Bb4 7. a3 Bxc3+ 8. Nxc3 d5 9. exd5 exd5 10. Bd3 0-0 11. 0-0 d4 12. Ne2 a6 13. b3 Re8 14. Bb2 g6 15. Qd2 Qd6 16. Rfe1 Bd7 17. Qf4 Qxf4 18. Nxf4 Rxe1+ 19. Rxe1 Rd8 20. f3 Kf8 21. Kf2 Bc8 22. g4 Nd7 23. Rd1 Nde5 24. Bf1 g5 25. Ne2 d3 26. Bxe5 Nxe5 27. Nc1 f5 28. gxf5 Bxf5 29. Nxd3 g4 30. Be2 Bxd3 31. fxg4 Rd4 32. Bxd3 Nxg4+ 33. Kg3 Ne5 34. h3 Kg7 35. Re1 Nc6 36. Re4 Rd6 37. Rg4+ 1-0

[Event "POL-ch U17 Qual"]
[White "Topola, Rafal"]
[Black "Labedz, Dawid"]
[Site "Jastrzebia Gora"]
[Round "5"]
[Result "1-0"]
[Date "2021.11.18"]
[WhiteElo "1961"]
[BlackElo "1542"]
[PlyCount "85"]
[EventDate "2021.11.15"]
[EventType "swiss"]
[EventRounds "9"]
[EventCountry "POL"]
[SourceTitle "EXT 2023"]
[Source "ChessBase"]
[SourceDate "2022.10.05"]
[SourceVersion "1"]
[SourceVersionDate "2022.10.05"]
[SourceQuality "1"]

1. e4 c5 2. Nf3 Nc6 3. c3 d5 4. exd5 Qxd5 5. d4 Bg4 6. dxc5 Qxd1+ 7. Kxd1 e6 8. Be3 Nf6 9. b4 a5 10. Bb5 0-0-0+ 11. Ke2 Ne5 12. a3 Nd5 13. h3 Bh5 14. Rc1 Nxf3 15. gxf3 e5 16. Nd2 Be7 17. Bd3 g6 18. Nc4 Nf4+ 19. Bxf4 exf4 20. Ne5 Rd5 21. Nxf7 Re8 22. Bb5 Rf8 23. Bc4 Rf5 24. Be6+ Kc7 25. Bxf5 gxf5 26. Nd6 Bxd6 27. cxd6+ Kxd6 28. Rd1+ Kc6 29. Rd3 Bf7 30. Rd4 b5 31. a4 Bc4+ 32. Rxc4+ bxc4 33. b5+ Kc5 34. Rd1 Rf6 35. Rd4 Rh6 36. Rxf4 Rf6 37. Rh4 h6 38. Rh5 Kd5 39. Ke3 Re6+ 40. Kf4 Re2 41. Rxf5+ Kd6 42. Rf6+ Kd7 43. Rc6 1-0

[Event "Rubinstein Memorial op-A 57th"]
[White "Paprocki, Antoni"]
[Black "Topola, Rafal"]
[Site "Polanica Zdroj"]
[Round "6"]
[Result "1/2-1/2"]
[Date "2021.08.19"]
[WhiteElo "1982"]
[BlackElo "1878"]
[PlyCount "69"]
[EventDate "2021.08.14"]
[EventType "swiss"]
[EventRounds "9"]
[EventCountry "POL"]
[SourceTitle "CBM 203 Extra"]
[Source "ChessBase"]
[SourceDate "2021.09.30"]
[SourceVersion "1"]
[SourceVersionDate "2021.09.30"]
[SourceQuality "1"]

1. e4 c6 2. d4 d5 3. e5 Bf5 4. h4 h5 5. Bd3 Bxd3 6. Qxd3 e6 7. Nf3 Be7 8. c4 Nd7 9. b3 Bb4+ 10. Nbd2 Nh6 11. Bb2 Nf5 12. g3 Be7 13. Rc1 Rc8 14. Ke2 Nb6 15. c5 Nd7 16. b4 f6 17. exf6 gxf6 18. Nf1 Kf7 19. Ne3 Nxe3 20. Qxe3 Qc7 21. Rce1 Rcg8 22. Kf1 Nf8 23. Ng1 Qd7 24. Nh3 Bd8 25. Qf3 Bc7 26. Bc1 Kg7 27. Bf4 Bd8 28. Bd6 Ng6 29. Nf4 Nxf4 30. gxf4 Kf7 31. b5 f5 32. bxc6 Qxc6 33. Qe2 Qd7 34. Rh3 Rg4 35. Rb3 1/2-1/2

[Event "Poronin Tatra Limba op"]
[White "Topola, Rafal"]
[Black "Sliwerski, Radoslaw"]
[Site "Poronin"]
[Round "7"]
[Result "1/2-1/2"]
[Date "2021.05.26"]
[WhiteElo "1865"]
[BlackElo "2035"]
[PlyCount "109"]
[EventDate "2021.05.22"]
[EventType "swiss"]
[EventRounds "9"]
[EventCountry "POL"]
[SourceTitle "EXT 2022"]
[Source "ChessBase"]
[SourceDate "2021.10.06"]
[SourceVersion "1"]
[SourceVersionDate "2021.10.06"]
[SourceQuality "1"]

1. e4 c5 2. Nf3 d6 3. d4 cxd4 4. Nxd4 Nf6 5. Nc3 a6 6. a3 e5 7. Nf5 d5 8. Bg5 d4 9. Bxf6 Qxf6 10. Nd5 Qd8 11. Qg4 g6 12. Qg3 Bd6 13. Nxd6+ Qxd6 14. Rd1 Nc6 15. c3 0-0 16. cxd4 Be6 17. dxe5 Qc5 18. Qc3 Qxc3+ 19. Nxc3 Nxe5 20. Be2 Rfd8 21. f4 Nc6 22. Kf2 Bb3 23. Rxd8+ Rxd8 24. Ke3 Nd4 25. Bd3 Kg7 26. Ne2 Nxe2 27. Bxe2 Rc8 28. Bd3 a5 29. Kd2 b5 30. Rc1 Rd8 31. Ke3 b4 32. Rc5 bxa3 33. bxa3 a4 34. Kd2 h5 35. Kc3 Rd7 36. Bc4 Rb7 37. Rb5 Rc7 38. Rb4 h4 39. Kd3 Bd1 40. Bd5 Rc2 41. Rb1 Rxg2 42. Rxd1 Rxh2 43. Kc3 Rf2 44. Kb4 Rxf4 45. Kxa4 f5 46. Kb5 fxe4 47. Re1 g5 48. Rxe4 Rxe4 49. Bxe4 Kf6 50. Bg2 g4 51. a4 h3 52. Bf1 Kg5 53. a5 Kh4 54. a6 g3 55. a7 1/2-1/2

[Event "Poronin Tatra Limba op"]
[White "Warchol, Kamil"]
[Black "Topola, Rafal"]
[Site "Poronin"]
[Round "3"]
[Result "1-0"]
[Date "2021.05.24"]
[WhiteElo "2124"]
[BlackElo "1865"]
[PlyCount "69"]
[EventDate "2021.05.22"]
[EventType "swiss"]
[EventRounds "9"]
[EventCountry "POL"]
[SourceTitle "EXT 2022"]
[Source "ChessBase"]
[SourceDate "2021.10.06"]
[SourceVersion "1"]
[SourceVersionDate "2021.10.06"]
[SourceQuality "1"]

1. e4 c6 2. d4 d5 3. f3 Qb6 4. Nc3 e6 5. Nge2 Nd7 6. b3 Ne7 7. Bb2 Ng6 8. Qd2 Be7 9. 0-0-0 Qc7 10. g3 b6 11. Bg2 Bb7 12. Rhf1 0-0-0 13. Kb1 Kb8 14. Qe3 Nf6 15. f4 dxe4 16. Nxe4 Nxe4 17. Qxe4 Bf6 18. Qe3 Ne7 19. Qf2 c5 20. Bxb7 Kxb7 21. dxc5 Qxc5 22. Qxc5 bxc5 23. Nc3 Kc6 24. Rfe1 h6 25. Ne4 Bxb2 26. Kxb2 Nf5 27. Nd2 h5 28. Nf3 Rxd1 29. Ne5+ Kc7 30. Rxd1 Nd6 31. Rxd6 Kxd6 32. Nxf7+ Kd5 33. Nxh8 Ke4 34. Ng6 Kf3 35. Nf8 1-0

[Event "Poronin Tatra Limba op"]
[White "Zysko, Jan"]
[Black "Topola, Rafal"]
[Site "Poronin"]
[Round "1"]
[Result "1-0"]
[Date "2021.05.22"]
[WhiteElo "2145"]
[BlackElo "1865"]
[PlyCount "93"]
[EventDate "2021.05.22"]
[EventType "swiss"]
[EventRounds "9"]
[EventCountry "POL"]
[SourceTitle "EXT 2022"]
[Source "ChessBase"]
[SourceDate "2021.10.06"]
[SourceVersion "1"]
[SourceVersionDate "2021.10.06"]
[SourceQuality "1"]

1. e4 c6 2. d4 d5 3. Nd2 dxe4 4. Nxe4 Nf6 5. Nxf6+ exf6 6. c3 Bd6 7. Bd3 0-0 8. Qc2 Re8+ 9. Ne2 h5 10. 0-0 h4 11. Bf4 Rxe2 12. Qxe2 Bxf4 13. Qe4 Bh6 14. Qh7+ Kf8 15. Rae1 Be6 16. f4 f5 17. Bxf5 Nd7 18. Bxe6 fxe6 19. f5 Nf6 20. fxe6 Ke7 21. Rxf6 Kxf6 22. Rf1+ Kxe6 23. Qg6+ Kd7 24. Rf7+ Kc8 25. Qf5+ Kb8 26. Rf8 Kc7 27. Qe5+ Kd7 28. Rxd8+ Rxd8 29. g4 hxg3 30. hxg3 Re8 31. Qf5+ Kd8 32. Kf2 a6 33. g4 Be3+ 34. Kf3 Bc1 35. Qc2 Rf8+ 36. Ke4 Bg5 37. Qh2 Kd7 38. Qh7 Rf7 39. Qg8 Re7+ 40. Kf5 Bc1 41. Qb8 b5 42. b3 Bb2 43. Qa7+ Kd6 44. Qc5+ Kd7 45. c4 Rf7+ 46. Ke4 Re7+ 47. Kd3 1-0

[Event "POL-ch U20"]
[White "Topola, Rafal"]
[Black "Bojczewski, Mateusz"]
[Site "Pokrzywna"]
[Round "6"]
[Result "0-1"]
[Date "2020.12.03"]
[WhiteElo "1827"]
[BlackElo "1960"]
[PlyCount "86"]
[EventDate "2020.11.30"]
[EventType "swiss"]
[EventRounds "9"]
[EventCountry "POL"]
[SourceTitle "CBM 199 Extra"]
[Source "ChessBase"]
[SourceDate "2021.01.31"]
[SourceVersion "1"]
[SourceVersionDate "2021.01.31"]
[SourceQuality "1"]

1. e4 c6 2. d4 d5 3. Nc3 dxe4 4. Nxe4 Nd7 5. Nf3 Ngf6 6. Neg5 h6 7. Nh3 e6 8. Bd3 Bd6 9. Bf4 Qc7 10. Bxd6 Qxd6 11. c3 b6 12. Qd2 Bb7 13. 0-0-0 0-0-0 14. Rhe1 c5 15. Nhg1 cxd4 16. Nxd4 Nc5 17. Ngf3 Bxf3 18. gxf3 Nxd3+ 19. Qxd3 Kb7 20. Qc4 Rc8 21. Qb3 Qxh2 22. Nb5 Qf4+ 23. Kb1 Rhd8 24. Ka1 a6 25. Nd4 Rd6 26. Ne2 Rxd1+ 27. Rxd1 Qxf3 28. Nd4 Qd5 29. Rg1 Qxb3 30. axb3 Rg8 31. Nf3 g5 32. Ne5 Rg7 33. Rg3 h5 34. Rf3 Nd5 35. Nxf7 Kc7 36. Ne5 g4 37. Rg3 Rg5 38. Nd3 h4 39. Rg1 e5 40. Rh1 e4 41. Ne1 h3 42. Nc2 e3 43. fxe3 g3 0-1

[Event "POL-ch U20"]
[White "Topola, Rafal"]
[Black "Ochedzan, Tymon"]
[Site "Pokrzywna"]
[Round "4"]
[Result "1/2-1/2"]
[Date "2020.12.02"]
[WhiteElo "1827"]
[BlackElo "2246"]
[PlyCount "141"]
[EventDate "2020.11.30"]
[EventType "swiss"]
[EventRounds "9"]
[EventCountry "POL"]
[SourceTitle "CBM 199 Extra"]
[Source "ChessBase"]
[SourceDate "2021.01.31"]
[SourceVersion "1"]
[SourceVersionDate "2021.01.31"]
[SourceQuality "1"]

1. e4 c5 2. Ne2 d6 3. g3 Nf6 4. Bg2 g6 5. c3 Bg7 6. d4 cxd4 7. cxd4 0-0 8. 0-0 Nc6 9. Nbc3 e5 10. dxe5 Nxe5 11. Nf4 Be6 12. Nxe6 fxe6 13. Qb3 Qe7 14. Bf4 Nd3 15. Be3 Ng4 16. Nd5 exd5 17. Qxd5+ Kh8 18. Qxd3 Bxb2 19. Bd4+ Bxd4 20. Qxd4+ Qe5 21. Rad1 Rf6 22. f4 Qxd4+ 23. Rxd4 Rc8 24. Bh3 h5 25. Rb1 Rc7 26. Bxg4 hxg4 27. Ra4 b6 28. Rd1 Re6 29. Kf2 Kg7 30. Ke3 Kf6 31. Rd5 Rh7 32. Rg5 Ree7 33. Rxg4 Rxh2 34. Rg5 Rg2 35. Kf3 Rd2 36. Rd5 Rxd5 37. exd5 g5 38. Rc4 gxf4 39. gxf4 Kf5 40. Rc8 Re1 41. Rf8+ Kg6 42. Ra8 Rd1 43. Rxa7 Rxd5 44. Ke4 Rd2 45. Ra6 Kf6 46. Rxb6 Re2+ 47. Kf3 Rxa2 48. Rxd6+ Kf5 49. Rd5+ Kf6 50. Rb5 Ra6 51. Kg4 Kf7 52. Kg5 Rg6+ 53. Kh5 Ra6 54. Kg4 Rc6 55. Rf5+ Rf6 56. Ra5 Rb6 57. Ra8 Rg6+ 58. Kf3 Rb6 59. Ra7+ Kf8 60. Kg4 Rc6 61. Kg5 Rb6 62. f5 Rc6 63. Kf4 Rb6 64. Ke5 Rb5+ 65. Kf6 Rb6+ 66. Kg5 Rc6 67. f6 Rc1 68. Ra5 Kf7 69. Ra7+ Kf8 70. Kg6 Rg1+ 71. Kf5 1/2-1/2

[Event "POL-ch U20"]
[White "Fiedorek, Michal"]
[Black "Topola, Rafal"]
[Site "Pokrzywna"]
[Round "3"]
[Result "1-0"]
[Date "2020.12.01"]
[WhiteElo "2176"]
[BlackElo "1827"]
[PlyCount "65"]
[EventDate "2020.11.30"]
[EventType "swiss"]
[EventRounds "9"]
[EventCountry "POL"]
[SourceTitle "CBM 199 Extra"]
[Source "ChessBase"]
[SourceDate "2021.01.31"]
[SourceVersion "1"]
[SourceVersionDate "2021.01.31"]
[SourceQuality "1"]

1. e4 c6 2. Nc3 d5 3. Nf3 dxe4 4. Nxe4 Nd7 5. Bc4 Ngf6 6. Qe2 Nxe4 7. Qxe4 Nf6 8. Ne5 e6 9. Qe2 Bd6 10. d4 Qc7 11. 0-0 b6 12. Re1 0-0 13. Bf4 Bb7 14. Rad1 Rad8 15. c3 Nd5 16. Bg3 f6 17. Nd3 Bc8 18. Bb3 Rfe8 19. Qf3 Kh8 20. Qh5 g6 21. Qf3 Kg7 22. Re2 Bd7 23. c4 Ne7 24. Bxd6 Qxd6 25. c5 Qc7 26. Bxe6 Bxe6 27. Rxe6 Nf5 28. cxb6 axb6 29. Nf4 Nxd4 30. Rxd4 Rxd4 31. Nh5+ Kh6 32. Rxe8 Qd6 33. Ng3 1-0

[Event "POL-ch U16"]
[White "Redzisz, Michal"]
[Black "Topola, Rafal"]
[Site "Szklarska Poreba"]
[Round "8"]
[Result "0-1"]
[Date "2020.03.13"]
[WhiteElo "2105"]
[BlackElo "1754"]
[PlyCount "60"]
[EventDate "2020.03.07"]
[EventType "swiss"]
[EventRounds "8"]
[EventCountry "POL"]
[SourceTitle "CBM 195 Extra"]
[Source "ChessBase"]
[SourceDate "2020.05.31"]
[SourceVersion "1"]
[SourceVersionDate "2020.05.31"]
[SourceQuality "1"]

1. d4 Nf6 2. Bf4 d5 3. e3 c5 4. c3 Nc6 5. Nd2 e6 6. Ngf3 Bd6 7. Bg3 0-0 8. Bd3 Qe7 9. Ne5 Nd7 10. f4 f6 11. Nxc6 bxc6 12. Nf3 e5 13. fxe5 fxe5 14. dxe5 Bxe5 15. Nxe5 Nxe5 16. Bxh7+ Kxh7 17. Qh5+ Kg8 18. Qxe5 Qb7 19. 0-0-0 Bf5 20. Bf4 Qa6 21. g4 Rae8 22. Qd6 Be4 23. Rhg1 Qa4 24. Rd2 Qxa2 25. Rdd1 Qb1+ 26. Kd2 Qc2+ 27. Ke1 Bf3 28. Rd2 Qc1+ 29. Kf2 Qxd2+ 30. Kxf3 Rxe3# 0-1

[Event "POL-ch U16"]
[White "Topola, Rafal"]
[Black "Haliniak, Wojciech"]
[Site "Szklarska Poreba"]
[Round "5"]
[Result "1-0"]
[Date "2020.03.11"]
[WhiteElo "1754"]
[BlackElo "1705"]
[PlyCount "67"]
[EventDate "2020.03.07"]
[EventType "swiss"]
[EventRounds "8"]
[EventCountry "POL"]
[SourceTitle "CBM 195 Extra"]
[Source "ChessBase"]
[SourceDate "2020.05.31"]
[SourceVersion "1"]
[SourceVersionDate "2020.05.31"]
[SourceQuality "1"]

1. e4 c5 2. Nf3 Nc6 3. d4 cxd4 4. Nxd4 Nf6 5. Nc3 d6 6. Bc4 g6 7. Nxc6 bxc6 8. e5 Nd7 9. exd6 exd6 10. Bf4 Qe7+ 11. Qe2 Ne5 12. 0-0 Bg7 13. Rfe1 Be6 14. Bxe6 fxe6 15. Ne4 Nf7 16. Nxd6+ Nxd6 17. Qxe6 Qxe6 18. Rxe6+ Kf7 19. Rxd6 Bxb2 20. Rb1 Rhe8 21. g3 Be5 22. Rb7+ Kg8 23. Bxe5 Rxe5 24. Rdd7 Ra5 25. Rg7+ Kf8 26. Rxh7 Kg8 27. Rbg7+ Kf8 28. Rxg6 Re8 29. Rh8+ Kf7 30. Rxe8 Kxg6 31. Re6+ Kf5 32. Rxc6 Rxa2 33. h4 a5 34. h5 1-0

[Event "POL-chT U20 2nd League"]
[White "Topola, Rafal"]
[Black "Bialik, Nikodem"]
[Site "Sypniewo"]
[Round "6.14"]
[Result "1/2-1/2"]
[Date "2020.??.??"]
[WhiteElo "1827"]
[BlackElo "1547"]
[PlyCount "88"]
[EventDate "2020.10.23"]
[EventType "team-swiss"]
[EventRounds "9"]
[EventCountry "POL"]
[SourceTitle "CBM 199 Extra"]
[Source "ChessBase"]
[SourceDate "2021.01.31"]
[SourceVersion "1"]
[SourceVersionDate "2021.01.31"]
[SourceQuality "1"]

1. d4 d5 2. c4 e6 3. Nc3 Nf6 4. cxd5 exd5 5. Bg5 Nbd7 6. e3 Be7 7. Nf3 c6 8. Bd3 0-0 9. 0-0 Re8 10. Qc2 Nf8 11. Rab1 Bg4 12. b4 a6 13. Na4 Ne4 14. Bxe7 Qxe7 15. Ne5 Bh5 16. Bxe4 dxe4 17. Nc5 f6 18. Nc4 Bf7 19. Rfc1 Ng6 20. a4 f5 21. Nb6 Ra7 22. Nb3 Qg5 23. Kh1 f4 24. Qc5 Qg4 25. h3 Qh4 26. Kg1 fxe3 27. fxe3 Qg3 28. Qc2 Qxe3+ 29. Qf2 Qxf2+ 30. Kxf2 Nf4 31. Nc5 Nd3+ 32. Nxd3 exd3 33. a5 Re2+ 34. Kf3 Bg6 35. Re1 Ra2 36. Ra1 Rb2 37. Reb1 Re2 38. Re1 Rb2 39. Reb1 Rc2 40. Rc1 Rb2 41. Rcb1 Rc2 42. Rc1 Rb2 43. Re1 d2 44. Red1 Ra2 1/2-1/2